[Event "Asia Nations online Cup"]
[Site "Chess.com INT"]
[Date "2020.10.16"]
[Round "5.12"]
[White "Kulpruethanon, Thanadon"]
[Black "Yameen, Yooshau Mohamed"]
[Result "1-0"]
[WhiteElo "2282"]
[BlackElo "1158"]
[PlyCount "49"]
[EventDate "2020.10.10"]
[EventType "team-swiss (rapid)"]
[EventRounds "9"]
[EventCountry "IND"]
[SourceTitle "CBM 198 Extra"]
[Source "ChessBase"]
[SourceDate "2020.11.30"]
[SourceVersion "1"]
[SourceVersionDate "2020.11.30"]
[SourceQuality "1"]
[WhiteTeam "Thailand"]
[BlackTeam "Maldives"]
[WhiteTeamCountry "THA"]
[BlackTeamCountry "MDV"]

1. e4 Nf6 2. e5 Nd5 3. d4 d6 4. Nf3 Nc6 5. c4 Nb6 6. e6 fxe6 7. Nc3 g6 8. h4 Bg7 9. h5 gxh5 10. Be3 e5 11. d5 Nd4 12. Nxd4 exd4 13. Bxd4 Bxd4 14. Qxd4 Rf8 15. Rxh5 Bf5 16. Bd3 e5 17. dxe6 Bxd3 18. Qxd3 Qf6 19. 0-0-0 Qxf2 20. Rxh7 Qf6 21. Nb5 Rc8 22. Nxc7+ Rxc7 23. Rxc7 Na4 24. Rc8+ Ke7 25. Qxd6# 1-0

[Event "Asia Nations online Cup"]
[Site "Chess.com INT"]
[Date "2020.10.16"]
[Round "6.15"]
[White "Yameen, Yooshau Mohamed"]
[Black "Tan, Jun Ying"]
[Result "0-1"]
[WhiteElo "1158"]
[BlackElo "2165"]
[PlyCount "59"]
[EventDate "2020.10.10"]
[EventType "team-swiss (rapid)"]
[EventRounds "9"]
[EventCountry "IND"]
[SourceTitle "CBM 198 Extra"]
[Source "ChessBase"]
[SourceDate "2020.11.30"]
[SourceVersion "1"]
[SourceVersionDate "2020.11.30"]
[SourceQuality "1"]
[WhiteTeam "Maldives"]
[BlackTeam "Malaysia"]
[WhiteTeamCountry "MDV"]
[BlackTeamCountry "MAS"]

1. Nf3 c5 2. b3 Nc6 3. Bb2 f6 4. e3 d5 5. d4 cxd4 6. exd4 e6 7. c4 Bd6 8. cxd5 exd5 9. Nc3 Nge7 10. Be2 0-0 11. 0-0 Be6 12. Nb5 Bb8 13. Rc1 a6 14. Nc3 b5 15. Ne1 Qd6 16. Nf3 Nf5 17. g3 Ba7 18. Nb1 Qd7 19. Ba3 Rfe8 20. Bc5 Rac8 21. Bxa7 Qxa7 22. Qd2 Ncxd4 23. Nxd4 Nxd4 24. Rfe1 Rxc1 25. Rxc1 Bh3 26. Nc3 Rxe2 27. Qd3 Bf5 28. Qd1 Nf3+ 29. Kg2 Qxf2+ 30. Kh1 0-1

[Event "Asia Nations online Cup"]
[Site "Chess.com INT"]
[Date "2020.10.10"]
[Round "1.20"]
[White "Gameel, Mohamed"]
[Black "Yameen, Yooshau Mohamed"]
[Result "1-0"]
[WhiteElo "2211"]
[BlackElo "1158"]
[PlyCount "81"]
[EventDate "2020.10.10"]
[EventType "team-swiss (rapid)"]
[EventRounds "9"]
[EventCountry "IND"]
[SourceTitle "CBM 198 Extra"]
[Source "ChessBase"]
[SourceDate "2020.11.30"]
[SourceVersion "1"]
[SourceVersionDate "2020.11.30"]
[SourceQuality "1"]
[WhiteTeam "Yemen"]
[BlackTeam "Maldives"]
[WhiteTeamCountry "YEM"]
[BlackTeamCountry "MDV"]

1. d4 d6 2. g3 g6 3. Nf3 Bg7 4. Bg2 Nf6 5. 0-0 0-0 6. c4 Nbd7 7. Nc3 c5 8. e3 cxd4 9. exd4 e5 10. Re1 exd4 11. Qxd4 Nc5 12. Bg5 h6 13. Bxf6 Bxf6 14. Qd2 Bg7 15. Rad1 Bf5 16. Qxd6 Qxd6 17. Rxd6 Nd3 18. Re2 Nxb2 19. Rxb2 Bxc3 20. Rxb7 Rad8 21. Rxd8 Rxd8 22. h3 Rd1+ 23. Kh2 a5 24. c5 Be4 25. Rb8+ Kg7 26. Re8 Bd5 27. Ne5 Bxg2 28. Kxg2 Re1 29. f4 f6 30. c6 Bxe5 31. c7 Bxc7 32. Rxe1 Bd6 33. Re6 Bb4 34. Kf3 Kf7 35. Ra6 g5 36. f5 h5 37. g4 h4 38. Ke4 Ke7 39. Kd5 Kf7 40. Ra7+ Be7 41. Rxa5 1-0

[Event "Asia-chT Cup U14"]
[Site "Jiaxing"]
[Date "2016.11.07"]
[Round "2.7"]
[White "Yameen, Yooshau Mohamed"]
[Black "Md Nayem, Haque"]
[Result "0-1"]
[WhiteElo "1256"]
[BlackElo "1983"]
[PlyCount "50"]
[EventDate "2016.11.06"]
[EventType "swiss"]
[EventRounds "9"]
[EventCountry "CHN"]
[SourceTitle "EXT 2021"]
[Source "ChessBase"]
[SourceDate "2020.10.23"]
[SourceVersion "1"]
[SourceVersionDate "2020.10.23"]
[SourceQuality "1"]

1. e4 e6 2. Nf3 d5 3. exd5 exd5 4. d4 Nf6 5. Nc3 Bf5 6. Bg5 Be7 7. Be2 0-0 8. 0-0 Nc6 9. Nh4 Be6 10. Bd3 Ne4 11. Nxe4 dxe4 12. Bxe7 Qxe7 13. Bxe4 Qxh4 14. d5 Qxe4 15. dxe6 Qxe6 16. Re1 Rad8 17. Qg4 Qxg4 18. h3 Qg6 19. c3 Rd2 20. b4 Qf6 21. f3 Qg6 22. g4 Qc2 23. h4 Rg2+ 24. Kh1 Rh2+ 25. Kg1 Qg2# 0-1